[Event "Manhem IM Swiss"]
[Site "Goteborg"]
[Date "1998.08.10"]
[Round "1"]
[White "Pribyl, Josef"]
[Black "Elsness, Frode"]
[Result "1-0"]
[WhiteElo "2430"]
[BlackElo "2350"]
[PlyCount "63"]
[EventDate "1998.08.10"]
[EventType "swiss"]

1. c4 e5 2. Nc3 Nc6 3. g3 g6 4. Bg2 Bg7 5. e4 d6 6. d3 f5 7. Nge2 Nf6 8. Nd5
Nxd5 9. cxd5 Ne7 10. d4 fxe4 11. dxe5 dxe5 12. Nc3 O-O 13. O-O Nf5 14. Nxe4 h6
15. Bd2 Nd4 16. Rc1 Rf7 17. Bc3 Bd7 18. f4 Nf5 19. fxe5 Ne3 20. Rxf7 Nxd1 21.
Rxg7+ Kxg7 22. Rxd1 Bf5 23. e6+ Kg8 24. Nf6+ Kf8 25. Bb4+ Kg7 26. e7 Qh8 27. d6
cxd6 28. Re1 h5 29. e8=Q Rxe8 30. Nxe8+ Kh6 31. Bc3 Qg8 32. Bg7+ 1-0

[Event "Manhem IM Swiss"]
[Site "Goteborg"]
[Date "1998.08.10"]
[Round "1"]
[White "Hausner, Ivan"]
[Black "Hedman, Erik"]
[Result "1/2-1/2"]
[WhiteElo "2405"]
[BlackElo "2315"]
[PlyCount "83"]
[EventDate "1998.08.10"]
[EventType "swiss"]

1. c4 e5 2. Nc3 Bb4 3. Nf3 Nc6 4. d4 e4 5. Nd2 f5 6. e3 Nf6 7. Be2 O-O 8. O-O
Bxc3 9. bxc3 d6 10. f3 Ne7 11. Qc2 exf3 12. Bxf3 Kh8 13. e4 Qe8 14. e5 dxe5 15.
dxe5 Ng4 16. Bxg4 fxg4 17. Rxf8+ Qxf8 18. Ba3 Bf5 19. Qb3 Rd8 20. Nf1 b6 21. c5
Qe8 22. cxb6 axb6 23. Re1 Nd5 24. Bc1 Be6 25. c4 Ne7 26. Bg5 h6 27. Bh4 Rd4 28.
Ne3 Nc6 29. Bg3 Qd7 30. Qb5 Na5 31. Qxd7 Rxd7 32. Rc1 c6 33. Be1 Ra7 34. Rc2
Kg8 35. Kf2 Kf7 36. Kg3 Ke7 37. Bb4+ c5 38. Bxa5 Rxa5 39. Nd5+ Bxd5 40. cxd5
Ra4 41. Rb2 Re4 42. Rxb6 1/2-1/2

[Event "Manhem IM Swiss"]
[Site "Goteborg"]
[Date "1998.08.10"]
[Round "1"]
[White "Polej, Vladimir"]
[Black "Hultin, Johan"]
[Result "1-0"]
[WhiteElo "2370"]
[BlackElo "2300"]
[PlyCount "131"]
[EventDate "1998.08.10"]
[EventType "swiss"]

1. Nf3 d5 2. g3 Nf6 3. Bg2 c6 4. c4 g6 5. b3 Bg7 6. Bb2 O-O 7. O-O Bg4 8. d3 a5
9. Nbd2 Na6 10. Rb1 Qc8 11. Re1 Rd8 12. Qc1 Bh3 13. Bh1 Qg4 14. Bc3 Nc7 15. e4
dxe4 16. Nxe4 Nxe4 17. Rxe4 Qd7 18. Bxg7 Kxg7 19. Rh4 h5 20. Ne5 Qe6 21. Qc3 f6
22. Nf3 Bg4 23. Re1 Qd6 24. c5 Qd7 25. Ne5 fxe5 26. Qxe5+ Kg8 27. Be4 e6 28.
Bxg6 Qg7 29. Qe4 Rd4 30. Qe3 Nd5 31. Qe5 Qxe5 32. Rxe5 Rd8 33. Bxh5 Bxh5 34.
Rxd4 Bf7 35. h4 Kg7 36. f4 Kf6 37. Kf2 Rh8 38. Kf3 Nb4 39. a3 Nd5 40. Ra4 Bg6
41. Rd4 Bf7 42. Kg4 Bg6 43. Kf3 Bf7 44. Re1 Bg6 45. Ra4 Bxd3 46. Rxa5 Bb5 47.
Re5 Ne7 48. a4 Ba6 49. b4 Bc4 50. h5 Bd5+ 51. Kf2 Rg8 52. h6 Nf5 53. h7 Rh8 54.
g4 Ng7 55. Ra7 Rxh7 56. Rxb7 Rh2+ 57. Ke3 Rh3+ 58. Kd2 Rh2+ 59. Kd3 Rh3+ 60.
Re3 Rh1 61. a5 e5 62. Rxe5 Ne6 63. g5+ Kg6 64. f5+ Kxg5 65. fxe6+ Kf4 66. e7
1-0

[Event "Manhem IM Swiss"]
[Site "Goteborg"]
[Date "1998.08.10"]
[Round "1"]
[White "Jepson, Christian"]
[Black "Westerinen, Heikki"]
[Result "1-0"]
[WhiteElo "2365"]
[BlackElo "2435"]
[PlyCount "83"]
[EventDate "1998.08.10"]
[EventType "swiss"]

1. e4 Nf6 2. e5 Nd5 3. d4 Nb6 4. c4 d6 5. exd6 exd6 6. Nc3 g6 7. Nf3 Bg4 8. h3
Bxf3 9. Qxf3 Nc6 10. Be3 Bg7 11. O-O-O O-O 12. h4 h6 13. h5 g5 14. c5 Nc8 15.
Bc4 N8e7 16. Bxg5 hxg5 17. h6 Nxd4 18. Qe4 Be5 19. Rxd4 Kh8 20. g4 Qc8 21. Rd2
f5 22. Qe3 f4 23. Qf3 Ng6 24. Qd3 Nh4 25. f3 Qe8 26. Rxh4 gxh4 27. g5 Qh5 28.
Ne4 Rad8 29. cxd6 cxd6 30. Qd5 Rg8 31. Nxd6 Bxd6 32. Qd4+ Kh7 33. Bd3+ Qg6 34.
Bxg6+ Rxg6 35. Qe4 h3 36. Qf5 Rf8 37. Qd7+ Kh8 38. Rxd6 Rxg5 39. Qe7 Rc8+ 40.
Kd2 Rg2+ 41. Kd3 h2 42. Rd7 1-0

[Event "Manhem IM Swiss"]
[Site "Goteborg"]
[Date "1998.08.10"]
[Round "1"]
[White "Moberg, Karl Johan"]
[Black "Hutters, Thomas"]
[Result "1-0"]
[WhiteElo "2320"]
[BlackElo "2410"]
[PlyCount "75"]
[EventDate "1998.08.10"]
[EventType "swiss"]

1. e4 c5 2. Nf3 d6 3. d4 cxd4 4. Nxd4 Nf6 5. Nc3 e6 6. Be3 a6 7. f3 b5 8. Qd2
Nbd7 9. O-O-O Bb7 10. g4 h6 11. Bd3 b4 12. Nce2 d5 13. exd5 Nxd5 14. Nf4 Qa5
15. Kb1 Nxe3 16. Qxe3 Qe5 17. Rhe1 Qxe3 18. Rxe3 O-O-O 19. Be4 Bc5 20. Bxb7+
Kxb7 21. Red3 Kb6 22. Nb3 Kc7 23. Rxd7+ Rxd7 24. Rxd7+ Kxd7 25. Nxc5+ Kc6 26.
Ncd3 a5 27. Ne5+ Kb6 28. c4 bxc3 29. bxc3 g5 30. Nfd3 h5 31. Nxf7 Rf8 32. Nde5
hxg4 33. fxg4 Rg8 34. Nf3 Kc5 35. N3xg5 Kd5 36. h4 e5 37. h5 e4 38. h6 1-0

[Event "Manhem IM Swiss"]
[Site "Goteborg"]
[Date "1998.08.10"]
[Round "1"]
[White "Hjelm, Niclas"]
[Black "Berg, Emanuel"]
[Result "1-0"]
[WhiteElo "2315"]
[BlackElo "2380"]
[PlyCount "61"]
[EventDate "1998.08.10"]
[EventType "swiss"]

1. e4 e6 2. d4 d5 3. Nd2 Nf6 4. e5 Nfd7 5. Bd3 c5 6. c3 Nc6 7. Ne2 Qb6 8. Nf3
cxd4 9. cxd4 f6 10. exf6 Nxf6 11. O-O Bd6 12. Nc3 Bd7 13. Re1 O-O 14. Bg5 Ng4
15. Bh4 Rf4 16. Na4 Qc7 17. Bg3 Raf8 18. Bxf4 Bxf4 19. g3 e5 20. Nc3 Nxf2 21.
Kxf2 Nxd4 22. Be2 Bh3 23. Nb5 Nf5 24. Qxd5+ Kh8 25. Bd3 Qb6+ 26. Nbd4 Qxb2+ 27.
Nc2 Qb6+ 28. Ke2 Rd8 29. Rab1 Qf6 30. Qe4 Nd6 31. Qxh7# 1-0

[Event "Manhem IM Swiss"]
[Site "Goteborg"]
[Date "1998.08.10"]
[Round "1"]
[White "Bekker-Jensen, Simon"]
[Black "Patsuk, Leonid"]
[Result "1/2-1/2"]
[WhiteElo "2260"]
[BlackElo "2190"]
[PlyCount "49"]
[EventDate "1998.08.10"]
[EventType "swiss"]

1. d4 d5 2. c4 e6 3. Nc3 Be7 4. Nf3 Nf6 5. Bg5 O-O 6. cxd5 exd5 7. e3 c6 8. Bd3
Nbd7 9. Qc2 h6 10. Bh4 Re8 11. O-O Ne4 12. Bxe7 Qxe7 13. b4 a6 14. a4 Ndf6 15.
b5 axb5 16. axb5 Bd7 17. bxc6 bxc6 18. Ne5 Rxa1 19. Rxa1 Nxc3 20. Qxc3 c5 21.
Ra7 cxd4 22. exd4 Qd6 23. Ra6 Qe7 24. h3 Be6 25. Qa3 1/2-1/2

[Event "Manhem IM Swiss"]
[Site "Goteborg"]
[Date "1998.08.10"]
[Round "1"]
[White "Mossakowski, Florian"]
[Black "Akesson, Joel"]
[Result "1-0"]
[WhiteElo "2215"]
[BlackElo "2275"]
[PlyCount "47"]
[EventDate "1998.08.10"]
[EventType "swiss"]

1. e4 e6 2. d4 d5 3. e5 c5 4. c3 Nc6 5. Nf3 Bd7 6. Be2 f6 7. O-O cxd4 8. cxd4
fxe5 9. Nxe5 Nf6 10. Re1 Qb6 11. Nxd7 Kxd7 12. Be3 Qxb2 13. Nd2 Bb4 14. a3 Bxd2
15. Rb1 Qxa3 16. Rxb7+ Kc8 17. Rb3 Qa2 18. Bxd2 Nxd4 19. Rb1 Nxe2+ 20. Qxe2 Ne4
21. Rec1+ Kd7 22. Rb7+ Ke8 23. Qb5+ Kf8 24. Qd7 1-0

[Event "Manhem IM Swiss"]
[Site "Goteborg"]
[Date "1998.08.10"]
[Round "1"]
[White "Rundqvist, Patrick"]
[Black "Bekker-Jensen, David"]
[Result "1-0"]
[WhiteElo "2175"]
[BlackElo "2255"]
[PlyCount "97"]
[EventDate "1998.08.10"]
[EventType "swiss"]

1. e4 c5 2. Nc3 Nc6 3. g3 g6 4. Bg2 Bg7 5. d3 d6 6. f4 e6 7. Nf3 Nge7 8. O-O
O-O 9. Be3 Nd4 10. e5 dxe5 11. fxe5 Nef5 12. Bf2 Nxf3+ 13. Qxf3 Nd4 14. Qd1
Bxe5 15. Ne4 f5 16. Nxc5 Qc7 17. b4 Rb8 18. c3 Nb5 19. d4 Bf6 20. Qb3 Re8 21.
Rfe1 Qf7 22. a4 Nd6 23. a5 b6 24. axb6 axb6 25. Na6 Rb7 26. c4 Ra7 27. b5 Bb7
28. Nb4 Rxa1 29. Rxa1 Ne4 30. Ra7 Ra8 31. Rxa8+ Bxa8 32. Be3 Qd7 33. d5 exd5
34. Nxd5 Bxd5 35. cxd5 Qd6 36. Bxe4 fxe4 37. Qc4 Qe5 38. d6+ Kg7 39. Qc7+ Kg8
40. Qc4+ Kg7 41. Qc7+ Kg8 42. Qxb6 Qd5 43. h4 Be5 44. Qb8+ Kf7 45. Qa7+ Kg8 46.
d7 Kh8 47. Qc5 Qd1+ 48. Kh2 Qe2+ 49. Bf2 1-0

[Event "Manhem IM Swiss"]
[Site "Goteborg"]
[Date "1998.08.11"]
[Round "2"]
[White "Westerinen, Heikki"]
[Black "Akesson, Joel"]
[Result "1-0"]
[WhiteElo "2435"]
[BlackElo "2275"]
[PlyCount "37"]
[EventDate "1998.08.10"]
[EventType "swiss"]

1. e4 e6 2. d4 d5 3. Nc3 Bb4 4. Nge2 Nc6 5. a3 Ba5 6. b4 Bb6 7. Bb2 Nge7 8. g3
O-O 9. Bg2 a5 10. b5 Na7 11. O-O dxe4 12. Bxe4 Nf5 13. Qd3 Nxd4 14. Bxh7+ Kh8
15. Rad1 e5 16. Be4 Bg4 17. Nxd4 Bxd1 18. Qxd1 Qg5 19. Bc1 1-0

[Event "Manhem IM Swiss"]
[Site "Goteborg"]
[Date "1998.08.11"]
[Round "2"]
[White "Hedman, Erik"]
[Black "Bekker-Jensen, Simon"]
[Result "1/2-1/2"]
[WhiteElo "2315"]
[BlackElo "2260"]
[PlyCount "56"]
[EventDate "1998.08.10"]
[EventType "swiss"]

1. e4 c5 2. Nf3 d6 3. d4 Nf6 4. Nc3 cxd4 5. Nxd4 a6 6. Be2 e5 7. Nb3 Be7 8. O-O
O-O 9. Kh1 Qc7 10. f4 b5 11. Nd5 Nxd5 12. exd5 Nd7 13. Bd2 Nf6 14. Rc1 Bb7 15.
Ba5 Qd7 16. c4 bxc4 17. Bxc4 Rac8 18. Qd3 exf4 19. Bd2 Ng4 20. Bxf4 Ne5 21.
Bxe5 dxe5 22. Na5 Rxc4 23. Nxc4 Bxd5 24. Rfd1 Rd8 25. Qe2 Qe6 26. Ne3 Bg5 27.
b3 g6 28. Rc3 Bb7 1/2-1/2

[Event "Manhem IM Swiss"]
[Site "Goteborg"]
[Date "1998.08.11"]
[Round "2"]
[White "Olausson, Claes-Goran"]
[Black "Pribyl, Josef"]
[Result "0-1"]
[WhiteElo "2255"]
[BlackElo "2430"]
[PlyCount "76"]
[EventDate "1998.08.10"]
[EventType "swiss"]

1. d4 Nf6 2. c4 g6 3. Nc3 d5 4. cxd5 Nxd5 5. Na4 Bg7 6. e4 Nb6 7. Be3 Nxa4 8.
Qxa4+ Qd7 9. Bb5 c6 10. Be2 O-O 11. Rd1 c5 12. Qc4 cxd4 13. Bxd4 Bxd4 14. Rxd4
Qc6 15. Nf3 Be6 16. Qb4 a5 17. Qd2 Bxa2 18. O-O f6 19. e5 Qc7 20. Rc1 Nc6 21.
Rd7 Qb6 22. b3 Bxb3 23. Qb2 Qb4 24. exf6 Rxf6 25. Ng5 a4 26. Nxh7 Rd6 27. Rxd6
Qxd6 28. Ng5 Qe5 29. Bc4+ Bxc4 30. Qxb7 Ra6 31. h4 Qe2 32. Rxc4 Qxc4 33. Qc8+
Kg7 34. Ne6+ Kf6 35. Qf8+ Ke5 36. f4+ Kd6 37. Ng5 a3 38. Nf7+ Kc7 0-1

[Event "Manhem IM Swiss"]
[Site "Goteborg"]
[Date "1998.08.11"]
[Round "2"]
[White "Welin, Mats"]
[Black "Polej, Vladimir"]
[Result "1-0"]
[WhiteElo "2235"]
[BlackElo "2370"]
[PlyCount "85"]
[EventDate "1998.08.10"]
[EventType "swiss"]

1. e4 g6 2. d4 Bg7 3. Nc3 c6 4. Nf3 d5 5. h3 Nh6 6. Bd3 f6 7. Qe2 Nf7 8. Bd2 a5
9. b3 O-O 10. O-O Na6 11. Rfe1 e6 12. a3 b6 13. Rad1 Ra7 14. Na4 b5 15. Nb2 Qb6
16. Be3 Rb7 17. Rb1 Nc7 18. c4 bxc4 19. bxc4 Qb3 20. cxd5 exd5 21. Nc4 Qa4 22.
Nb6 Qxa3 23. Bc1 Qc3 24. Na4 Qxe1+ 25. Qxe1 dxe4 26. Qxe4 Rxb1 27. Bxb1 Nd5 28.
Ba2 Bf5 29. Qe2 Nd6 30. Qa6 Nf7 31. Qxa5 Re8 32. Ba3 h5 33. Nb6 Nf4 34. d5 Be4
35. dxc6 Bxc6 36. Qa7 Ne6 37. Nc8 Bxf3 38. Ne7+ Kh7 39. Bxe6 Ng5 40. gxf3 Nxe6
41. Qd7 Ra8 42. Qxe6 Rxa3 43. Qf7 1-0

[Event "Manhem IM Swiss"]
[Site "Goteborg"]
[Date "1998.08.11"]
[Round "2"]
[White "Livner, Anders"]
[Black "Jepson, Christian"]
[Result "1/2-1/2"]
[WhiteElo "2230"]
[BlackElo "2365"]
[PlyCount "121"]
[EventDate "1998.08.10"]
[EventType "swiss"]

1. d4 g6 2. g3 Bg7 3. Bg2 Nf6 4. Nf3 O-O 5. c4 c5 6. d5 d6 7. Nc3 e6 8. O-O
exd5 9. cxd5 Re8 10. Nd2 a6 11. a4 Nbd7 12. Nc4 Nb6 13. Na3 Bd7 14. e4 Qc7 15.
Re1 Rab8 16. Bd2 c4 17. h3 Nxa4 18. Nxa4 b5 19. Rc1 Rbc8 20. b3 bxa4 21. bxa4
c3 22. Bxc3 Nxe4 23. Bxg7 Qxc1 24. Qxc1 Rxc1 25. Rxc1 Kxg7 26. a5 Nd2 27. Rd1
Re2 28. Nb1 Ne4 29. Bf1 Rxf2 30. Bd3 Rf3 31. Bxe4 Rxg3+ 32. Kf2 Rxh3 33. Bd3
Rh2+ 34. Kg1 Ra2 35. Bxa6 Rxa5 36. Bb7 Bg4 37. Rf1 Bh3 38. Re1 Ra2 39. Nc3 Rg2+
40. Kh1 Rc2 41. Re3 Bg2+ 42. Kg1 h5 43. Ba6 h4 44. Bf1 Bxf1 45. Kxf1 f5 46. Nb5
Rd2 47. Nxd6 Rxd5 48. Nc4 Rd4 49. Ne5 Kf6 50. Nf3 Rf4 51. Kg2 Rg4+ 52. Kh2 Kg7
53. Re7+ Kh6 54. Re8 g5 55. Rh8+ Kg7 56. Ra8 Rg3 57. Nd4 Kf6 58. Rf8+ Ke5 59.
Nxf5 Rf3 60. Nxh4 Rxf8 61. Ng6+ 1/2-1/2

[Event "Manhem IM Swiss"]
[Site "Goteborg"]
[Date "1998.08.11"]
[Round "2"]
[White "Mossakowski, Florian"]
[Black "Moberg, Karl Johan"]
[Result "1/2-1/2"]
[WhiteElo "2215"]
[BlackElo "2320"]
[PlyCount "96"]
[EventDate "1998.08.10"]
[EventType "swiss"]

1. e4 e5 2. Nf3 Nc6 3. Bb5 a6 4. Ba4 Nf6 5. O-O b5 6. Bb3 Bc5 7. c3 d6 8. d4
Bb6 9. a4 Bg4 10. Bg5 Rb8 11. axb5 axb5 12. Bd5 Ne7 13. dxe5 Nfxd5 14. exd6
Qxd6 15. exd5 f6 16. Be3 Bxe3 17. fxe3 Nxd5 18. Qd4 Bxf3 19. Rxf3 O-O 20. e4
Nb6 21. Qxd6 cxd6 22. Rd3 Rfe8 23. Nd2 Nc4 24. Nxc4 bxc4 25. Rxd6 Rxe4 26. Ra7
h5 27. h3 Re5 28. Rdd7 Rg5 29. Rab7 Rxb7 30. Rxb7 Rd5 31. Kf2 Rd2+ 32. Kf3 Kh7
33. h4 Kh6 34. Rb5 Kg6 35. g3 Kh6 36. Ke3 Rd3+ 37. Kf2 Rd2+ 38. Kf3 Rd3+ 39.
Kf4 Rd2 40. Kf3 Rd3+ 41. Kf4 Rd2 42. Rb6 Rd3 43. Rc6 Rd2 44. Rxc4 Rxb2 45. Rd4
g5+ 46. Ke3 Rg2 47. Kf3 Rc2 48. hxg5+ Kg6 1/2-1/2

[Event "Manhem IM Swiss"]
[Site "Goteborg"]
[Date "1998.08.11"]
[Round "2"]
[White "Patsuk, Leonid"]
[Black "Hausner, Ivan"]
[Result "0-1"]
[WhiteElo "2190"]
[BlackElo "2405"]
[PlyCount "109"]
[EventDate "1998.08.10"]
[EventType "swiss"]

1. e4 d6 2. d4 Nf6 3. Nc3 c6 4. f4 Qa5 5. Bd3 e5 6. Nf3 Bg4 7. Be3 Nbd7 8. h3
Bxf3 9. Qxf3 Be7 10. O-O O-O 11. g4 exf4 12. Qxf4 h6 13. g5 Qxg5+ 14. Qxg5 hxg5
15. Bxg5 c5 16. dxc5 Nxc5 17. Rae1 Ncd7 18. h4 Ne5 19. Ne2 Bd8 20. Ng3 Nfd7 21.
Nf5 Nc5 22. Bxd8 Raxd8 23. Re3 g6 24. Ne7+ Kg7 25. h5 Rde8 26. Nd5 Rh8 27. hxg6
fxg6 28. Rg3 Ref8 29. Rxf8 Kxf8 30. Nf4 Kf7 31. b4 Ne6 32. Nxe6 Kxe6 33. Bf1
Kf6 34. c4 Rh4 35. c5 Rxe4 36. Rb3 Rd4 37. Bg2 Rd1+ 38. Kh2 Rd2 39. a3 d5 40.
Rg3 d4 41. Kg1 d3 42. Bxb7 Rc2 43. Ba6 d2 44. Be2 Ke6 45. Kf1 Rc1+ 46. Kf2 d1=Q
47. Bxd1 Rxd1 48. Rc3 Rd3 49. Rc2 Kd5 50. b5 Nc4 51. c6 Rd2+ 52. Rxd2+ Nxd2 53.
Ke3 Nc4+ 54. Kd3 Ne5+ 55. Ke3 0-1

[Event "Manhem IM Swiss"]
[Site "Goteborg"]
[Date "1998.08.11"]
[Round "2"]
[White "Rundqvist, Patrick"]
[Black "Hjelm, Niclas"]
[Result "1/2-1/2"]
[WhiteElo "2175"]
[BlackElo "2315"]
[PlyCount "41"]
[EventDate "1998.08.10"]
[EventType "swiss"]

1. e4 e5 2. Nf3 Nc6 3. Bc4 Bc5 4. c3 Nf6 5. d3 a6 6. Bb3 O-O 7. Nbd2 d6 8. h3
Ba7 9. g4 Be6 10. Bc2 d5 11. Qe2 dxe4 12. dxe4 Nd7 13. Nf1 Re8 14. Ne3 Nf8 15.
O-O Ng6 16. Nf5 Bxf5 17. exf5 Nf4 18. Bxf4 exf4 19. Qc4 Ne5 20. Nxe5 Rxe5 21.
Bb3 1/2-1/2

[Event "Manhem IM Swiss"]
[Site "Goteborg"]
[Date "1998.08.12"]
[Round "3"]
[White "Pribyl, Josef"]
[Black "Welin, Mats"]
[Result "1-0"]
[WhiteElo "2430"]
[BlackElo "2235"]
[PlyCount "61"]
[EventDate "1998.08.10"]
[EventType "swiss"]

1. Nf3 Nf6 2. g3 d5 3. Bg2 Bg4 4. c4 c6 5. Ne5 Bf5 6. Qb3 Nbd7 7. d4 Qb6 8.
cxd5 cxd5 9. Nc3 e6 10. Qxb6 axb6 11. Nb5 Bb4+ 12. Bd2 Bxd2+ 13. Kxd2 Ke7 14.
Rhc1 Rhc8 15. Nc7 Ra4 16. Nxd5+ Nxd5 17. Rxc8 Rxd4+ 18. Nd3 Nc5 19. Ke1 Bxd3
20. exd3 Nb4 21. Kf1 Nbxd3 22. Rc7+ Kf6 23. Rb1 Rc4 24. Kg1 b5 25. Bf1 Rd4 26.
Rd1 Rd5 27. a3 b6 28. Rc6 b4 29. Bxd3 bxa3 30. bxa3 Nxd3 31. Rxb6 1-0

[Event "Manhem IM Swiss"]
[Site "Goteborg"]
[Date "1998.08.12"]
[Round "3"]
[White "Hausner, Ivan"]
[Black "Livner, Anders"]
[Result "1-0"]
[WhiteElo "2405"]
[BlackElo "2230"]
[PlyCount "33"]
[EventDate "1998.08.10"]
[EventType "swiss"]

1. d4 d5 2. c4 e6 3. Nf3 Nf6 4. g3 dxc4 5. Bg2 a6 6. O-O Nc6 7. e3 Bd7 8. Nc3
Rb8 9. Ne5 Na5 10. Bd2 b5 11. Ne4 b4 12. Ng5 Qc8 13. Ngxf7 Rg8 14. Nxd7 Qxd7
15. Ne5 Qb5 16. a4 Qb6 17. Rc1 1-0

[Event "Manhem IM Swiss"]
[Site "Goteborg"]
[Date "1998.08.12"]
[Round "3"]
[White "Polej, Vladimir"]
[Black "Hedman, Erik"]
[Result "1-0"]
[WhiteElo "2370"]
[BlackElo "2315"]
[PlyCount "53"]
[EventDate "1998.08.10"]
[EventType "swiss"]

1. Nf3 f5 2. b4 d6 3. d4 Nf6 4. g3 g6 5. Bg2 Bg7 6. Bb2 O-O 7. O-O Qe8 8. Qd3
Kh8 9. Nbd2 e5 10. dxe5 Ng4 11. Nc4 dxe5 12. Qc3 Rf7 13. Nfxe5 Re7 14. Nxg4
fxg4 15. Qd2 Nc6 16. Bxg7+ Rxg7 17. Rad1 Be6 18. Qc3 Qe7 19. Bxc6 bxc6 20. Ne5
Bxa2 21. Nxg4 Bd5 22. Nf6 Rb8 23. Nxd5 cxd5 24. Rxd5 Rxb4 25. Rfd1 Rb8 26. Rd7
Qf8 27. Rxc7 1-0

[Event "Manhem IM Swiss"]
[Site "Goteborg"]
[Date "1998.08.12"]
[Round "3"]
[White "Elsness, Frode"]
[Black "Olausson, Claes-Goran"]
[Result "1-0"]
[WhiteElo "2350"]
[BlackElo "2255"]
[PlyCount "133"]
[EventDate "1998.08.10"]
[EventType "swiss"]

1. d4 d5 2. c4 c6 3. Nc3 Nf6 4. Nf3 a6 5. e3 b5 6. b3 Bg4 7. Be2 e6 8. O-O Nbd7
9. Qc2 Be7 10. a3 Bf5 11. Qd1 h6 12. c5 O-O 13. b4 a5 14. Bb2 axb4 15. axb4 Ne4
16. Qb3 Nxc3 17. Bxc3 Qc7 18. Ra3 Bc2 19. Qb2 Rxa3 20. Qxa3 Qb7 21. Ra1 Ba4 22.
Bd3 Nf6 23. Ne5 Bd8 24. Bb2 Bc7 25. Bb1 Rd8 26. Qd3 Rc8 27. Ra3 Rd8 28. f3 Bb8
29. Rc3 g6 30. Rc1 Qc7 31. Rf1 Ne8 32. g3 Ng7 33. Rf2 h5 34. g4 Qb7 35. Rg2
Bxe5 36. dxe5 Qe7 37. Qd4 Qh4 38. Bc3 Bb3 39. Qf4 hxg4 40. fxg4 Ne8 41. Rf2 Rd7
42. Rf1 Bc4 43. Be1 Qh7 44. Rf3 Kg7 45. h4 Qh6 46. Qd4 Ra7 47. Qb2 Kg8 48. Kh2
Ng7 49. Kg3 Ne8 50. Bc3 Ng7 51. Bd4 Ne8 52. Rf2 Ng7 53. Rh2 Kf8 54. Rh1 Kg8 55.
Rc1 Ne8 56. Rh1 Ng7 57. Bc2 Ra2 58. Qc3 Be2 59. Ra1 Rxc2 60. Qxc2 Bxg4 61. Kxg4
Qh5+ 62. Kh3 Qf3+ 63. Kh2 Nf5 64. Qg2 Qh5 65. Qg5 Qe2+ 66. Kg1 Qf3 67. h5 1-0

[Event "Manhem IM Swiss"]
[Site "Goteborg"]
[Date "1998.08.12"]
[Round "3"]
[White "Moberg, Karl Johan"]
[Black "Rundqvist, Patrick"]
[Result "1-0"]
[WhiteElo "2320"]
[BlackElo "2175"]
[PlyCount "65"]
[EventDate "1998.08.10"]
[EventType "swiss"]

1. e4 d6 2. d4 Nf6 3. Nc3 e5 4. Nf3 Nbd7 5. Bc4 Nb6 6. Be2 exd4 7. Qxd4 c5 8.
Bb5+ Bd7 9. Qd3 Bxb5 10. Qxb5+ Qd7 11. Bg5 Be7 12. O-O-O O-O-O 13. Qa5 Kb8 14.
Nb5 a6 15. Nxd6 Bxd6 16. Qxb6 Nxe4 17. Bxd8 Rxd8 18. Ne5 Qe8 19. Nc6+ Qxc6 20.
Qxd8+ Ka7 21. Rxd6 Nxd6 22. Rd1 Nc4 23. Qd5 Qb5 24. b3 Nb6 25. Qxf7 c4 26. Qxg7
a5 27. Rd6 cxb3 28. axb3 Nc8 29. Qd4+ b6 30. Rd7+ Ka6 31. Qc4 Qxc4 32. bxc4 Na7
33. Rxa7+ 1-0

[Event "Manhem IM Swiss"]
[Site "Goteborg"]
[Date "1998.08.12"]
[Round "3"]
[White "Akesson, Joel"]
[Black "Patsuk, Leonid"]
[Result "1-0"]
[WhiteElo "2275"]
[BlackElo "2190"]
[PlyCount "125"]
[EventDate "1998.08.10"]
[EventType "swiss"]

1. d4 d5 2. c4 e6 3. Nc3 Be7 4. cxd5 exd5 5. Bf4 Nf6 6. e3 O-O 7. Bd3 c5 8. Nf3
Nc6 9. O-O Bg4 10. dxc5 Bxc5 11. h3 Bxf3 12. Qxf3 d4 13. Ne4 Nxe4 14. Bxe4 Qe7
15. Rac1 dxe3 16. Bxe3 Bxe3 17. Qxe3 Qf6 18. Bxc6 bxc6 19. Qc3 Qxc3 20. Rxc3
Rab8 21. b3 Rb6 22. Rd1 g6 23. Rd7 Ra6 24. a4 Re8 25. Rf3 Rf8 26. Rc7 f5 27.
Rc3 Rf6 28. Kf1 h5 29. Ke2 g5 30. Kd2 g4 31. hxg4 fxg4 32. Ke2 h4 33. Rc4 Rg6
34. Rd4 Kh8 35. Rd8+ Rg8 36. Rd6 Rg5 37. Rd8+ Rg8 38. Rdd7 Rg5 39. Rh7+ Kg8 40.
Rhd7 Kh8 41. Rc8+ Rg8 42. Rxg8+ Kxg8 43. Rd4 Rb6 44. Rxg4+ Kf8 45. b4 a5 46.
bxa5 Ra6 47. Rxh4 Rxa5 48. Rc4 Re5+ 49. Kf3 Ra5 50. Rxc6 Rxa4 51. Rc7 Ra3+ 52.
Kg4 Ra2 53. Kg3 Ra4 54. f4 Ra2 55. Kf3 Ra3+ 56. Kg4 Ra4 57. Kg5 Ra3 58. g4 Ra4
59. f5 Rb4 60. Kh5 Rf4 61. Kg5 Ra4 62. f6 Rb4 63. Kf5 1-0

[Event "Manhem IM Swiss"]
[Site "Goteborg"]
[Date "1998.08.12"]
[Round "3"]
[White "Bekker-Jensen, Simon"]
[Black "Hutters, Thomas"]
[Result "1/2-1/2"]
[WhiteElo "2260"]
[BlackElo "2410"]
[PlyCount "54"]
[EventDate "1998.08.10"]
[EventType "swiss"]

1. d4 g6 2. c4 Bg7 3. e4 d6 4. Nc3 Nf6 5. Be2 O-O 6. Bg5 Nc6 7. d5 Ne5 8. Nf3
Nxf3+ 9. Bxf3 h6 10. Be3 Nd7 11. Be2 Nc5 12. f3 a5 13. Qd2 Kh7 14. Bd1 Bd7 15.
O-O c6 16. Be2 a4 17. Rfd1 Qa5 18. Rac1 h5 19. Bf1 Rfe8 20. Kh1 Qb4 21. Rc2
Rac8 22. Nb1 Qxd2 23. Nxd2 cxd5 24. cxd5 Na6 25. Rxc8 Rxc8 26. Nc4 Be8 27. Bb6
Nc5 1/2-1/2

[Event "Manhem IM Swiss"]
[Site "Goteborg"]
[Date "1998.08.12"]
[Round "4"]
[White "Westerinen, Heikki"]
[Black "Bekker-Jensen, Simon"]
[Result "1/2-1/2"]
[WhiteElo "2435"]
[BlackElo "2260"]
[PlyCount "54"]
[EventDate "1998.08.10"]
[EventType "swiss"]

1. e4 c5 2. Nf3 d6 3. c3 Nf6 4. Bd3 Bg4 5. Bc2 Nc6 6. d3 g6 7. Be3 Bg7 8. Nbd2
O-O 9. h3 Bd7 10. O-O e5 11. d4 cxd4 12. cxd4 Qe7 13. a3 exd4 14. Nxd4 d5 15.
N4b3 Rfd8 16. Bc5 Qe8 17. exd5 Nxd5 18. Nf3 Be6 19. Qb1 b6 20. Bd4 Nxd4 21.
Nbxd4 Nf4 22. Nxe6 Qxe6 23. Re1 Qf6 24. Be4 Rac8 25. Ra2 h6 26. b3 Qd6 27. b4
Bc3 1/2-1/2

[Event "Manhem IM Swiss"]
[Site "Goteborg"]
[Date "1998.08.12"]
[Round "4"]
[White "Hutters, Thomas"]
[Black "Livner, Anders"]
[Result "1/2-1/2"]
[WhiteElo "2410"]
[BlackElo "2230"]
[PlyCount "101"]
[EventDate "1998.08.10"]
[EventType "swiss"]

1. c4 c5 2. Nc3 Nc6 3. g3 g6 4. Bg2 Bg7 5. Nf3 e5 6. d3 d6 7. a3 Nge7 8. Rb1 a5
9. O-O O-O 10. Ne1 Be6 11. Nc2 d5 12. cxd5 Nxd5 13. Ne3 Nde7 14. Bd2 Rb8 15.
Ne4 b6 16. b4 cxb4 17. axb4 axb4 18. Bxb4 Nxb4 19. Rxb4 Nc6 20. Rb1 Nd4 21. Nc3
b5 22. Ned5 Qd7 23. Nb4 Rfc8 24. Ncd5 Qd6 25. e3 Nf5 26. Qd2 Bd7 27. Ra1 Rd8
28. Ra6 Qf8 29. Rb1 Ne7 30. Qa2 Be6 31. Ra7 Rd7 32. Rxd7 Bxd7 33. Qa7 Nxd5 34.
Bxd5 Qd6 35. Bc6 Be6 36. Bd5 Bd7 37. Qa2 Be8 38. Qc2 Bf8 39. Bg2 Rd8 40. Nd5
Kg7 41. f4 Bc6 42. fxe5 Qc5 43. Qxc5 Bxc5 44. Rc1 Bxd5 45. Rxc5 Bxg2 46. Kxg2
Rxd3 47. Kf3 Rd2 48. h4 b4 49. Rb5 Rb2 50. Rb7 Kg8 51. Rb8+ 1/2-1/2

[Event "Manhem IM Swiss"]
[Site "Goteborg"]
[Date "1998.08.12"]
[Round "4"]
[White "Hausner, Ivan"]
[Black "Pribyl, Josef"]
[Result "1/2-1/2"]
[WhiteElo "2405"]
[BlackElo "2430"]
[PlyCount "22"]
[EventDate "1998.08.10"]
[EventType "swiss"]

1. e4 g6 2. d4 Bg7 3. c4 d6 4. Nc3 Nc6 5. Be3 e5 6. Nge2 exd4 7. Nxd4 Nge7 8.
Be2 O-O 9. O-O Re8 10. Re1 a6 11. Rc1 Bd7 1/2-1/2